000 00822nam a2200205Ia 4500
999 _c7798
_d7798
005 20230416125323.0
008 230416s9999 xx 000 0 und d
040 _aUPAN
_cBiblioteca San Vicente
_eRCAA2
041 _aspa
082 _a323.01
_bM454p
100 _aMelendez, Florentin.
_4aut.
245 0 _aEl pequeño libro de los derechos, los deberes y las virtudes/
_cFlorentín Meléndez
250 _a1° ed.
260 _aEl Salvador:
_bs.n.,
_c2000
300 _a106 p.:
_bfot.,
_c28 cm.
520 _aPrimera parte: Los derechos humanos y los deberes Segunda parte: Los derechos de la niñez Tercera parte: Los deberes de la niñez Cuarta parte: El significado de las virtudes Quinta parte: preguntas y ejercicios
650 _2LEMB
_aValores sociales
650 _2LEMB
_aNiños
_xDerechos
942 _cBK
_2ddc